00882nam a2200205Ia 4500003000900000008004100009020001800050040001600068080002200084111010700106245024000213260003400453300001400487490003700501650002700538650004100565650002000606700002800626700002200654IN-BaIIA211028s9999 xx 000 0 eng d a3-540-19492-4 cIIA Library a524.6(082.2)bACT aConference on Active Galactic NucleicGeorgia State University, Atlanta, Georgia, USAd1987 Oct. 28-30 0aActive galactic nucleibproceedings of conference on active galactic nuclei, held in Georgia State University, Atlanta, Georgia, USA, 28-30 Oct 1987cedited by H. Richard Miller and P. J. Wiita  aBerlinbSpringer-Verlagc1988 axi, 438p. aLecture notes in physics; v. 307 aActive galactic nuclei aAstronomy and astrophysics thesaurus aGalactic nuclei aRichard Miller, H., ed. aWiita, P. J., ed.